00794naa#a2200169#i#4500001001600000005001700016011001400033100004100047102000700088200021300095210011900308215001000427608004500437675006600482700005200548856002400600RU\\bibl\12068320260425120016.6##a2687-0185##a20250212b2025####ek#y0rusy0150####ca##aRU1#aКриминологические особенности механизма вовлечения мигрантов в экстремистскую деятельностьeЖурнальная статья1#aМоскваcМосковский университет МВД России имени В.Я. Кикотяd2025##a5 с.##aЖурнальная статья2local##aКриминология. Криминалистика. 343.9#1aГаниgНасреддин Ахмадзода4#amosumvd.editorum.ru